00338 2200145 4500001002100000005001700021020001800038035001900056082001000075100001900085245003900104250000600143500002200149990002100171INLIS00000000001866220170609095532.0 a979-9415-14-4 0010-06170020670 a808.20 aAgus kurniawan00aMenagarang dongeng dan cerita anak a3 aiv, 64 hlm; 20 cm a0303/b/kpad/2010